Регионална библиотека "Любен Каравелов" - Русе

Планетите и звездите (Запис номер 114459)

MARC детайли
000 -Лидер
Контролно поле с фиксирана дължина 01769nam a2200433 c 4500
003 - Код на организацията, давaща контролен номер
Контролно поле BLK
005 - Дата и час на последна редакция
Контролно поле 20240919122828.0
008 - Елементи от данни с фиксирана дължина
fixed length control field 180409b bul|||||r ||||||| ||bul||
010 ## - Наследен системен номер
LC control number KNG00119890000
020 ## - Международен стандартен номер на книга ISBN
Международен стандартен номер на книга ISBN 978-954-660-153-7
-- издат.: ПАН
040 ## - Източник на каталожния запис
Идентификатор на билиотеката - собственик на записа BLK
041 ## - Код за език
Код за езика на текст/звукозапис или на отделно заглавие Български
Код за езика КДБФ Български
072 #7 - Код за тематичната категория
Код организация bullib
Код за тематична категория Н86
Текст Детска отраслова литература Н
080 ## - УДК
Текстов определител УДК Астрономия. Астрофизика. Космология. Геодезия
УДК код - определител по УДК 52
УДК определител :087.5
УДК - код + определител 52:087.5
139 ## - Редно поле
Редна дума Витман, Моника
Авторски знак Вит - В 65
245 10 - Сведения за заглавието
Заглавие Планетите и звездите
Редно поле (дума) достъпно обяснено от Моника Витман; прев. от нем. Лилия Русанова; ил. Йохен Виндекер.
257 ## - Страна на издаване
Страна на създаване/издаване Германия
260 ## - Област на издателските данни
-- София
Име на издателя, разпространителя и проч. ПАН
Година на издаване 2008
300 ## - Физическа характеристика
Страници 32 с.
Илюстрации и др. с цв. ил.
Размери/Мащаб 17 см
380 ## - Жанр
Жанр Детска отраслова лит.
490 1# - СЕРИИ (Колекции)
Име на серия Поредица Знайко
500 ## - Общи забележки
Забележка Ориг. загл. Pixi Wissen : Planeten und Sterne. - Съдържа и Загадки ; Лексикон ; Въпроси и отговори.
650 #4 - Допълнително описание по предмет – тема
Основно описание – тема или топоним Планети
9 (RLIN) 166460
650 #4 - Допълнително описание по предмет – тема
Основно описание – тема или топоним Звезди
9 (RLIN) 155877
653 ## - Ключова дума – ненормативна
Ключова дума планети
653 ## - Ключова дума – ненормативна
Ключова дума звезди
653 ## - Ключова дума – ненормативна
Ключова дума литература за деца
653 ## - Ключова дума – ненормативна
Ключова дума детска литература
659 ## - Тематичен бюлетин
Тематичен бюлетин Н
700 1# - Други автори (авторска отговорност)
Лично име Витман, Моника
Автороска отговорност (Описва отношението между автора и произведението) достъпно обяснено от
9 (RLIN) 313503
700 ## - Други автори (авторска отговорност)
Лично име Русанова, Лилия
9 (RLIN) 313501
700 1# - Други автори (авторска отговорност)
Лично име Виндекер, Йохен
Автороска отговорност (Описва отношението между автора и произведението) ил.
9 (RLIN) 48155
852 ## - Местоположение
Форматна сигнатура Цб І 34396
856 4# - Електронен адрес и достъп
Електронен формат pdf - файл
Път до файла /url/
856 4# - Електронен адрес и достъп
Електронен формат pdf - файл
Път до файла /url/
942 ## - АРТИКУЛИ
Вид на библиотечния материал Книги
Скрит в OPAC Не
Koha issues (borrowed), all copies 3
944 ## - СЪЗДАВАНЕ И РЕДАКЦИЯ на ЗАПИСА
Създаване/Редакция Създаване
Дата на регистрацията/редакция 20.06.2012
Статус, дата на статуса Бояна Костадинова
Служител, извършил регистрацията/редакцията 30551
944 ## - СЪЗДАВАНЕ И РЕДАКЦИЯ на ЗАПИСА
Създаване/Редакция Редакция
Дата на регистрацията/редакция 09.09.2013
Статус, дата на статуса ф /
Служител, извършил регистрацията/редакцията
999 ## - СИСТЕМНИ КОНТРОЛНИ НОМЕРА
Koha biblionumber 114459
Koha biblioitemnumber 114459
Наличности
Код за отписване Код за изгубен артикул Източник на класификационната схема Код за повреда Коз за рестрикции Код за отдаване Артикулен № Име на библиотеката - собственик Име на библиотеката, в която се намира в момента Статус (Текущо местоположение) Дата на вписване в системата Местоположение - отдел Цена в лева Инвентарен номер Систематично азбучна сигнатура Баркод Номер на екземпляра Цена в евро Служебна бележка Служебен тип на артикула
  Не е изгубен Universal Decimal Classification Не е повреден без рестрикции заемане за дома 183275 Регионална библиотека "Любен Каравелов" Русе Регионална библиотека "Любен Каравелов" Русе Детски отдел 2012-06-21 Детски отдел 1.48 120000758458 ДН 52/В 65 120000758458 1 0.76 Дост: DA Вид: А N: 12 Дата: 21.06.2012 Дата инв: 19.08.2015 Бележки инв: Д2015 Книги
Vip Innovations Ltd, Rousse, Bulgaria 2025